000 00938nam0a22002651 4500
001 RU\NLR\INFOCOMM_89\5000593039
005 20250613094321.0
035 _a(NLR Aleph) 009253000
090 _a8996522
_c8996522
100 _a20100728d1971 |||y0rusy50 ca
101 0 _aeng
102 _aRU
105 _ay ||||000|y
200 1 _aBasic principles of general epidemiology
_fL. N. Devyatova
_gUSSR Min. of public health. World health organization. Central inst. for advances med. training. International courses on epidemiology and control of communicable diseases
210 _aΜ.
_d1971
215 _a[2], 24 с.
309 _aОтпечат. множит. аппаратом
686 _aМе3(к)[Р19 вог]
_2rubbk
700 1 _9z01790
_aDevjatova
_bL. N.
_4070
790 1 _9z01700
_aDevyatova
_bL. N.
_4070
801 1 _aRU
_bNLR
_c20100728
801 0 _aRU
_bNLR
_gPSBO
852 _aNLR
_jМд97 Д-4/650
942 _cBOOK
980 _aNB